The tea book

שמור ב:
מידע ביבליוגרפי
מחבר ראשי:  Gaylard, Linda
פורמט: Sách
שפה:Undetermined
יצא לאור:  DK  2015
נושאים:
תגים: הוספת תג
אין תגיות, היה/י הראשונ/ה לתייג את הרשומה!
Thư viện lưu trữ: Trung tâm Thư viện - Trường Đại học Công nghiệp TP. Hồ Chí Minh
LEADER 00436nam a2200157Ia 4500
001 UIH_02915
008 231011s9999 xx 000 0 und d
082 |a  641.3372 
100 |a  Gaylard, Linda 
245 0 |a  The tea book 
245 0 |c  Gaylard, Linda 
260 |b  DK 
260 |c  2015 
650 |a  Tea; Trà;  
927 |a Sách 
980 |a Trung tâm Thư viện - Trường Đại học Công nghiệp TP. Hồ Chí Minh